000
00207nam a22000857a 4500
008
170119b xxu||||| |||| 00| 0 eng d
100
_9
2503
_a
Sonia.A.etal.
245
_a
Computer-1
260
_a
New Delhi
_b
N.P.
_c
2011
999
_c
5571
_d
5571